[Event "English Schools Championship Final 2024"]
[Site "Nottingham University Kings Meadow Campus, United Kingdom"]
[Date "2024.06.28"]
[Round "5.27"]
[White "Ononye, Chigozim"]
[Black "Li, Reya"]
[Result "0-1"]
[TimeControl "G50' + 10\" per move."]
[BlackFideId "486892"]
[WhiteElo "1627"]
[BlackElo "1859"]

1. e4 {[%clk 00:50:18]} {[%emt 00:00:03]} e5 {[%clk 00:50:14]} {[%emt
00:00:07]} 2. Nf3 {[%clk 00:50:22]} {[%emt 00:00:04]} Nc6 {[%clk 00:50:21]}
{[%emt 00:00:03]} 3. Bb5 {[%clk 00:50:27]} {[%emt 00:00:06]} a6 {[%clk
00:50:28]} {[%emt 00:00:02]} 4. Ba4 {[%clk 00:50:31]} {[%emt 00:00:06]} Nf6
{[%clk 00:50:31]} {[%emt 00:00:06]} 5. O-O {[%clk 00:50:35]} {[%emt 00:00:06]}
b5 {[%clk 00:50:37]} {[%emt 00:00:04]} 6. Bb3 {[%clk 00:50:31]} {[%emt
00:00:14]} Bc5 {[%clk 00:50:34]} {[%emt 00:00:13]} 7. d3 {[%clk 00:49:57]}
{[%emt 00:00:43]} h6 {[%clk 00:50:33]} {[%emt 00:00:11]} 8. c3 {[%clk
00:49:55]} {[%emt 00:00:13]} d6 {[%clk 00:50:37]} {[%emt 00:00:06]} 9. a4
{[%clk 00:49:57]} {[%emt 00:00:08]} Rb8 {[%clk 00:49:18]} {[%emt 00:01:29]} 10.
h3 {[%clk 00:49:41]} {[%emt 00:00:26]} O-O {[%clk 00:49:17]} {[%emt 00:00:11]}
11. Bc2 {[%clk 00:49:14]} {[%emt 00:00:38]} b4 {[%clk 00:48:39]} {[%emt
00:00:48]} 12. Re1 {[%clk 00:48:07]} {[%emt 00:01:16]} a5 {[%clk 00:47:32]}
{[%emt 00:01:18]} 13. d4 {[%clk 00:48:11]} {[%emt 00:00:06]} Ba7 {[%clk
00:46:55]} {[%emt 00:00:47]} 14. Qd3 {[%clk 00:46:37]} {[%emt 00:01:44]} bxc3
{[%clk 00:45:57]} {[%emt 00:01:08]} 15. bxc3 {[%clk 00:46:19]} {[%emt
00:00:27]} Re8 {[%clk 00:41:18]} {[%emt 00:04:49]} 16. Na3 {[%clk 00:45:23]}
{[%emt 00:01:07]} exd4 {[%clk 00:39:12]} {[%emt 00:02:16]} 17. cxd4 {[%clk
00:45:12]} {[%emt 00:00:21]} Nb4 {[%clk 00:39:10]} {[%emt 00:00:12]} 18. Qd2
{[%clk 00:44:32]} {[%emt 00:00:50]} Nxc2 {[%clk 00:38:22]} {[%emt 00:00:58]} 19.
Qxc2 {[%clk 00:44:20]} {[%emt 00:00:21]} Qd7 {[%clk 00:37:36]} {[%emt
00:00:56]} 20. Nb5 {[%clk 00:44:00]} {[%emt 00:00:31]} Bb6 {[%clk 00:37:25]}
{[%emt 00:00:20]} 21. Ba3 {[%clk 00:43:33]} {[%emt 00:00:38]} Ba6 {[%emt
00:06:06]} 22. Nc3 {[%clk 00:41:35]} {[%emt 00:02:05]} Qc6 {[%clk 00:28:47]}
{[%emt 00:02:54]} 23. e5 {[%clk 00:41:03]} {[%emt 00:00:42]} Nd5 {[%clk
00:27:58]} {[%emt 00:01:00]} 24. Bb2 {[%clk 00:39:58]} {[%emt 00:01:15]} Nb4
{[%clk 00:27:32]} {[%emt 00:00:36]} 25. Qd2 {[%clk 00:38:24]} {[%emt 00:01:42]}
d5 {[%clk 00:25:42]} {[%emt 00:02:02]} 26. Rec1 {[%clk 00:37:02]} {[%emt
00:01:32]} Qd7 {[%clk 00:24:38]} {[%emt 00:01:13]} 27. Ba3 {[%clk 00:36:30]}
{[%emt 00:00:43]} Nd3 {[%clk 00:20:30]} {[%emt 00:04:19]} 28. Rcb1 {[%clk
00:36:13]} {[%emt 00:00:26]} c6 {[%clk 00:16:47]} {[%emt 00:03:53]} 29. Rb3
{[%clk 00:35:43]} {[%emt 00:00:27]} Bc4 {[%clk 00:15:11]} {[%emt 00:01:59]} 30.
Rbb1 {[%clk 00:35:30]} {[%emt 00:00:23]} c5 {[%clk 00:13:22]} {[%emt 00:01:59]}
31. dxc5 {[%clk 00:35:31]} {[%emt 00:00:09]} Bxc5 {[%clk 00:13:23]} {[%emt
00:00:09]} 32. Bxc5 {[%clk 00:35:28]} {[%emt 00:00:13]} Nxc5 {[%clk 00:13:27]}
{[%emt 00:00:06]} 33. Rb3 {[%emt 00:01:48]} Red8 34. Rxb8 Rxb8 {[%clk
00:13:35]} 35. Ra3 {[%clk 00:32:25]} {[%emt 00:01:35]} Rb4 {[%clk 00:12:00]}
{[%emt 00:01:45]} 36. Qd1 {[%clk 00:27:36]} {[%emt 00:04:59]} Qb7 {[%clk
00:07:23]} {[%emt 00:04:48]} 37. Nd4 {[%clk 00:25:47]} {[%emt 00:01:59]} Ne4
{[%clk 00:06:45]} {[%emt 00:00:48]} 38. Qc2 {[%clk 00:24:55]} {[%emt 00:01:02]}
Rb2 {[%clk 00:06:39]} {[%emt 00:00:16]} 39. Qc1 {[%clk 00:23:34]} {[%emt
00:01:31]} Qb4 {[%clk 00:06:20]} {[%emt 00:00:29]} 40. Ra1 {[%clk 00:22:07]}
{[%emt 00:01:37]} Nxc3 {[%clk 00:05:23]} {[%emt 00:01:07]} 41. Kh1 {[%clk
00:21:12]} {[%emt 00:01:05]} Rb1 {[%clk 00:04:22]} {[%emt 00:01:10]} 42. Rxb1
{[%clk 00:18:58]} {[%emt 00:02:24]} Qxb1 {[%clk 00:04:27]} {[%emt 00:00:05]} 43.
Qxb1 {[%clk 00:19:05]} {[%emt 00:00:04]} Nxb1 {[%clk 00:04:35]} {[%emt
00:00:01]} 44. Nc6 {[%clk 00:18:26]} {[%emt 00:00:49]} Nc3 {[%clk 00:04:34]}
{[%emt 00:00:10]} 45. Nxa5 {[%clk 00:18:25]} {[%emt 00:00:11]} Nxa4 {[%clk
00:04:42]} {[%emt 00:00:02]} 46. Nc6 {[%clk 00:17:41]} {[%emt 00:00:54]} Nc5
{[%clk 00:04:35]} {[%emt 00:00:17]} 47. f4 {[%clk 00:17:22]} {[%emt 00:00:29]}
f6 {[%clk 00:04:15]} {[%emt 00:00:31]} 48. Nd4 {[%clk 00:17:22]} {[%emt
00:00:09]} fxe5 {[%clk 00:04:20]} {[%emt 00:00:05]} 49. fxe5 {[%clk 00:17:14]}
{[%emt 00:00:19]} Kf7 {[%clk 00:04:21]} {[%emt 00:00:09]} 50. Kg1 {[%clk
00:17:10]} {[%emt 00:00:13]} Nd3 {[%clk 00:03:53]} {[%emt 00:00:38]} 51. e6+
{[%clk 00:13:45]} {[%emt 00:03:36]} Ke7 {[%clk 00:03:54]} {[%emt 00:00:09]} 52.
Nf5+ {[%clk 00:13:00]} {[%emt 00:00:56]} Kxe6 {[%clk 00:04:02]} {[%emt
00:00:02]} 53. Nxg7+ {[%clk 00:12:49]} {[%emt 00:00:21]} Ke5 {[%clk 00:04:08]}
{[%emt 00:00:04]} 54. Ne8 {[%clk 00:12:25]} {[%emt 00:00:34]} d4 {[%clk
00:03:59]} {[%emt 00:00:18]} 55. Ng7 {[%clk 00:11:26]} {[%emt 00:01:08]} Bf7
{[%clk 00:04:03]} {[%emt 00:00:05]} 56. Kf1 {[%clk 00:11:17]} {[%emt 00:00:21]}
Kf6 {[%clk 00:04:08]} {[%emt 00:00:04]} 57. Ke2 {[%clk 00:11:09]} {[%emt
00:00:18]} Nc5 {[%clk 00:04:15]} {[%emt 00:00:02]} 58. h4 {[%clk 00:10:47]}
{[%emt 00:00:32]} Kxg7 {[%clk 00:04:23]} {[%emt 00:00:02]} 59. g4 {[%clk
00:10:43]} {[%emt 00:00:14]} d3+ {[%clk 00:04:31]} {[%emt 00:00:02]} 60. Kd2
{[%clk 00:04:58]} {[%emt 00:05:55]} Be6 {[%clk 00:04:40]} {[%emt 00:00:01]} 61.
Ke3 {[%clk 00:04:23]} {[%emt 00:00:45]} Bxg4 {[%clk 00:04:46]} {[%emt
00:00:04]} 62. Kd2 {[%clk 00:04:20]} {[%emt 00:00:12]} Kg6 {[%clk 00:04:53]}
{[%emt 00:00:03]} 63. Ke3 {[%clk 00:04:03]} {[%emt 00:00:27]} Kh5 {[%clk
00:04:58]} {[%emt 00:00:05]} 64. Kd2 {[%clk 00:00:24]} {[%emt 00:03:50]} Kxh4
{[%clk 00:05:03]} {[%emt 00:00:04]} 65. Ke3 {[%clk 00:00:19]} {[%emt 00:00:15]}
Kg3 {[%clk 00:05:11]} {[%emt 00:00:02]} 66. Kd2 {[%clk 00:00:13]} {[%emt
00:00:16]} h5 {[%clk 00:05:18]} {[%emt 00:00:04]} 67. Ke3 {[%clk 00:00:14]}
{[%emt 00:00:09]} h4 {[%clk 00:05:25]} {[%emt 00:00:03]} 68. Kd2 {[%clk
00:00:13]} {[%emt 00:00:10]} h3 {[%clk 00:05:34]} {[%emt 00:00:02]} 69. Ke3
{[%clk 00:00:14]} {[%emt 00:00:09]} h2 {[%clk 00:05:42]} {[%emt 00:00:02]} 70.
Kd2 {[%clk 00:00:14]} {[%emt 00:00:09]} h1=Q {[%clk 00:05:49]} {[%emt
00:00:03]} 0-1

[Event "English Schools Championship Final 2024"]
[Site "Nottingham University Kings Meadow Campus, United Kingdom"]
[Date "2024.06.28"]
[Round "5.28"]
[White "Sui, Yueyue"]
[Black "Rivera, Romeu"]
[Result "1-0"]
[TimeControl "G50' + 10\" per move."]
[WhiteFideId "343411924"]
[WhiteElo "1786"]
[BlackElo "1629"]

1. d4 {[%clk 00:50:19]} d5 {[%clk 00:50:17]} {[%emt 00:00:03]} 2. c4 {[%clk
00:50:26]} {[%emt 00:00:03]} e6 {[%clk 00:50:13]} {[%emt 00:00:14]} 3. Nc3
{[%clk 00:50:33]} {[%emt 00:00:04]} Nf6 {[%clk 00:50:14]} {[%emt 00:00:08]} 4.
Bg5 {[%clk 00:50:33]} {[%emt 00:00:10]} Be7 {[%clk 00:49:48]} {[%emt 00:00:36]}
5. e3 {[%clk 00:50:34]} {[%emt 00:00:09]} O-O {[%clk 00:49:42]} {[%emt
00:00:16]} 6. Nf3 {[%clk 00:50:38]} {[%emt 00:00:07]} c6 {[%clk 00:49:04]}
{[%emt 00:00:48]} 7. Bd3 {[%clk 00:50:33]} {[%emt 00:00:15]} Re8 {[%clk
00:48:51]} {[%emt 00:00:23]} 8. O-O {[%clk 00:50:31]} {[%emt 00:00:12]} h6
{[%clk 00:48:40]} {[%emt 00:00:21]} 9. Bh4 {[%clk 00:50:32]} {[%emt 00:00:09]}
dxc4 {[%clk 00:48:03]} {[%emt 00:00:47]} 10. Bxc4 {[%clk 00:50:34]} {[%emt
00:00:08]} Nd5 {[%clk 00:48:02]} {[%emt 00:00:11]} 11. Bxe7 {[%clk 00:50:26]}
{[%emt 00:00:18]} Qxe7 {[%clk 00:48:02]} {[%emt 00:00:10]} 12. e4 {[%clk
00:49:36]} {[%emt 00:01:01]} Nxc3 {[%clk 00:47:12]} {[%emt 00:01:00]} 13. bxc3
{[%clk 00:49:44]} {[%emt 00:00:02]} Nd7 {[%clk 00:46:50]} {[%emt 00:00:31]} 14.
Bb3 {[%clk 00:49:27]} {[%emt 00:00:27]} Nb6 {[%clk 00:46:52]} {[%emt 00:00:09]}
15. Re1 {[%clk 00:48:23]} {[%emt 00:01:14]} Rd8 {[%clk 00:46:44]} {[%emt
00:00:18]} 16. a4 {[%clk 00:47:24]} {[%emt 00:01:10]} a5 {[%clk 00:46:40]}
{[%emt 00:00:14]} 17. Qc2 {[%clk 00:46:44]} {[%emt 00:00:50]} Nd7 {[%clk
00:45:47]} {[%emt 00:01:03]} 18. e5 {[%clk 00:45:49]} {[%emt 00:01:05]} b5
{[%clk 00:45:34]} {[%emt 00:00:23]} 19. h3 {[%clk 00:44:54]} {[%emt 00:01:05]}
Ba6 {[%clk 00:45:15]} {[%emt 00:00:28]} 20. axb5 {[%clk 00:44:31]} {[%emt
00:00:34]} Bxb5 {[%clk 00:44:58]} {[%emt 00:00:26]} 21. c4 {[%clk 00:44:23]}
{[%emt 00:00:18]} a4 {[%clk 00:43:47]} {[%emt 00:01:21]} 22. Bxa4 {[%clk
00:43:51]} {[%emt 00:00:42]} Bxa4 {[%clk 00:43:30]} {[%emt 00:00:27]} 23. Rxa4
{[%clk 00:43:49]} {[%emt 00:00:12]} Rxa4 {[%clk 00:43:22]} {[%emt 00:00:18]} 24.
Qxa4 {[%clk 00:43:58]} {[%emt 00:00:01]} c5 {[%clk 00:42:20]} {[%emt 00:01:12]}
25. Qb5 {[%clk 00:42:42]} {[%emt 00:01:26]} Rb8 {[%clk 00:41:29]} {[%emt
00:01:01]} 26. Qa4 {[%clk 00:41:41]} {[%emt 00:01:11]} Rb4 {[%clk 00:40:57]}
{[%emt 00:00:42]} 27. Qa2 {[%clk 00:41:00]} {[%emt 00:00:48]} Nb6 {[%clk
00:40:00]} {[%emt 00:01:09]} 28. d5 {[%clk 00:39:46]} {[%emt 00:01:25]} exd5
{[%clk 00:37:49]} {[%emt 00:02:20]} 29. cxd5 {[%clk 00:39:38]} {[%emt
00:00:18]} c4 {[%clk 00:36:16]} {[%emt 00:01:42]} 30. d6 {[%clk 00:39:16]}
{[%emt 00:00:33]} Qd7 {[%clk 00:35:26]} {[%emt 00:01:00]} 31. Qa5 {[%clk
00:37:55]} {[%emt 00:01:31]} Qb5 {[%clk 00:35:15]} {[%emt 00:00:21]} 32. Qxb5
{[%clk 00:37:00]} {[%emt 00:01:05]} Rxb5 {[%clk 00:35:20]} {[%emt 00:00:04]} 33.
Rd1 {[%clk 00:36:39]} {[%emt 00:00:32]} c3 {[%clk 00:33:27]} {[%emt 00:02:03]}
34. Rc1 {[%clk 00:35:31]} {[%emt 00:01:18]} Nd5 {[%clk 00:32:49]} {[%emt
00:00:48]} 35. Kf1 {[%clk 00:34:32]} {[%emt 00:01:09]} Kf8 {[%clk 00:32:55]}
{[%emt 00:00:04]} 36. Ke2 {[%clk 00:32:31]} {[%emt 00:02:11]} Rc5 {[%clk
00:32:21]} {[%emt 00:00:43]} 37. Ra1 {[%clk 00:31:01]} {[%emt 00:01:41]} Nb6
{[%clk 00:28:42]} {[%emt 00:03:49]} 38. Kd1 {[%clk 00:28:27]} {[%emt 00:02:44]}
c2+ {[%clk 00:28:10]} {[%emt 00:00:42]} 39. Kc1 {[%clk 00:27:49]} {[%emt
00:00:48]} g6 {[%clk 00:27:49]} {[%emt 00:00:31]} 40. Ra2 {[%clk 00:27:38]}
{[%emt 00:00:21]} Nd5 {[%clk 00:26:42]} {[%emt 00:01:16]} 41. Rxc2 {[%clk
00:27:08]} {[%emt 00:00:40]} Rxc2+ {[%clk 00:26:42]} {[%emt 00:00:10]} 42. Kxc2
{[%clk 00:27:16]} {[%emt 00:00:01]} Ke8 {[%clk 00:26:32]} {[%emt 00:00:21]} 43.
g3 {[%clk 00:27:05]} {[%emt 00:00:22]} Kd7 {[%clk 00:26:34]} {[%emt 00:00:07]}
44. Kd3 {[%clk 00:27:03]} {[%emt 00:00:13]} Nb6 {[%clk 00:26:04]} {[%emt
00:00:40]} 45. Kd4 {[%clk 00:26:45]} {[%emt 00:00:28]} Ke6 {[%clk 00:26:06]}
{[%emt 00:00:07]} 46. Kc5 {[%clk 00:26:18]} {[%emt 00:00:37]} Nd7+ {[%clk
00:25:59]} {[%emt 00:00:17]} 47. Kc6 {[%clk 00:26:05]} {[%emt 00:00:23]} Nf8
{[%clk 00:25:08]} {[%emt 00:01:00]} 48. Kc7 {[%clk 00:25:09]} {[%emt 00:01:06]}
f6 {[%clk 00:24:52]} {[%emt 00:00:27]} 49. Nd4+ {[%clk 00:23:58]} {[%emt
00:01:22]} Kxe5 {[%clk 00:24:26]} {[%emt 00:00:35]} 50. d7 {[%clk 00:23:54]}
{[%emt 00:00:14]} Nxd7 {[%clk 00:24:27]} {[%emt 00:00:08]} 51. Kxd7 {[%clk
00:24:02]} {[%emt 00:00:03]} Kxd4 {[%clk 00:24:33]} {[%emt 00:00:03]} 52. Ke6
{[%clk 00:24:09]} {[%emt 00:00:05]} f5 {[%clk 00:24:11]} {[%emt 00:00:32]} 53.
Kf6 {[%clk 00:24:07]} {[%emt 00:00:11]} f4 {[%clk 00:23:55]} {[%emt 00:00:26]}
54. Kxg6 {[%clk 00:24:05]} {[%emt 00:00:12]} f3 {[%clk 00:23:32]} {[%emt
00:00:34]} 55. Kxh6 {[%clk 00:22:53]} {[%emt 00:01:23]} Kd3 {[%clk 00:23:37]}
{[%emt 00:00:05]} 56. g4 {[%clk 00:22:35]} {[%emt 00:00:28]} Ke2 {[%clk
00:23:45]} {[%emt 00:00:02]} 57. g5 {[%clk 00:22:38]} {[%emt 00:00:07]} Kxf2
{[%clk 00:23:53]} {[%emt 00:00:01]} 58. g6 {[%clk 00:22:43]} {[%emt 00:00:07]}
Ke2 {[%clk 00:24:02]} {[%emt 00:00:01]} 59. g7 {[%clk 00:22:48]} {[%emt
00:00:05]} f2 {[%clk 00:24:05]} {[%emt 00:00:06]} 60. g8=Q {[%clk 00:22:55]}
{[%emt 00:00:03]} f1=Q {[%clk 00:24:07]} {[%emt 00:00:08]} 61. Qc4+ {[%clk
00:23:03]} Kf2 {[%clk 00:24:13]} {[%emt 00:00:04]} 62. Qxf1+ {[%clk 00:23:04]}
{[%emt 00:00:09]} Kxf1 {[%clk 00:24:20]} {[%emt 00:00:01]} 63. h4 {[%clk
00:23:07]} {[%emt 00:00:08]} Kf2 {[%clk 00:24:29]} {[%emt 00:00:01]} 64. h5
{[%clk 00:23:13]} {[%emt 00:00:05]} Kf3 {[%clk 00:24:37]} {[%emt 00:00:01]} 65.
Kg5 {[%clk 00:23:17]} {[%emt 00:00:06]} Ke4 {[%clk 00:24:45]} {[%emt 00:00:02]}
66. h6 {[%clk 00:23:23]} {[%emt 00:00:04]} Kd5 {[%clk 00:24:51]} {[%emt
00:00:03]} 67. h7 {[%clk 00:23:30]} {[%emt 00:00:03]} Kd6 {[%clk 00:25:00]}
{[%emt 00:00:01]} 68. h8=Q {[%clk 00:23:30]} {[%emt 00:00:10]} Kc5 {[%clk
00:25:03]} {[%emt 00:00:06]} 69. Qe5+ {[%clk 00:23:33]} {[%emt 00:00:07]} Kc6
{[%clk 00:25:10]} {[%emt 00:00:03]} 70. Qd4 {[%clk 00:23:40]} {[%emt 00:00:03]}
Kc7 {[%clk 00:25:16]} {[%emt 00:00:04]} 71. Kf6 {[%clk 00:23:46]} {[%emt
00:00:04]} Kc8 {[%clk 00:25:22]} {[%emt 00:00:03]} 72. Qa7 {[%clk 00:23:45]}
{[%emt 00:00:11]} Kd8 {[%clk 00:25:28]} {[%emt 00:00:04]} 73. Ke6 {[%clk
00:23:50]} {[%emt 00:00:05]} 1-0

[Event "English Schools Championship Final 2024"]
[Site "Nottingham University Kings Meadow Campus, United Kingdom"]
[Date "2024.06.28"]
[Round "5.29"]
[White "Ma, Haoren"]
[Black "Yi, Louis"]
[Result "0-1"]
[TimeControl "G50' + 10\" per move."]
[BlackFideId "343418627"]
[WhiteElo "1698"]
[BlackElo "1728"]

1. d4 {[%clk 00:49:54]} {[%emt 00:00:26]} d5 {[%clk 00:50:12]} {[%emt
00:00:07]} 2. Nc3 {[%clk 00:49:55]} {[%emt 00:00:09]} Nf6 {[%clk 00:49:50]}
{[%emt 00:00:31]} 3. Nf3 {[%clk 00:49:56]} {[%emt 00:00:10]} e6 {[%clk
00:49:18]} {[%emt 00:00:42]} 4. e3 {[%clk 00:49:58]} {[%emt 00:00:08]} Bb4
{[%clk 00:48:50]} {[%emt 00:00:37]} 5. a3 {[%clk 00:50:04]} {[%emt 00:00:06]}
Bxc3+ {[%clk 00:48:06]} {[%emt 00:00:54]} 6. bxc3 {[%clk 00:50:09]} {[%emt
00:00:03]} O-O {[%clk 00:47:57]} {[%emt 00:00:20]} 7. Rb1 {[%clk 00:50:15]}
{[%emt 00:00:05]} b6 {[%clk 00:46:32]} {[%emt 00:01:34]} 8. Bb5 {[%clk
00:50:03]} {[%emt 00:00:23]} Bb7 {[%clk 00:45:04]} {[%emt 00:01:37]} 9. O-O
{[%clk 00:49:52]} {[%emt 00:00:21]} Nbd7 {[%clk 00:44:09]} {[%emt 00:01:05]} 10.
c4 {[%clk 00:48:51]} {[%emt 00:01:12]} dxc4 {[%clk 00:42:29]} {[%emt 00:01:49]}
11. Bxc4 {[%clk 00:48:40]} {[%emt 00:00:11]} Ne4 {[%clk 00:41:13]} {[%emt
00:01:38]} 12. Re1 {[%clk 00:44:42]} {[%emt 00:04:08]} Nc3 {[%clk 00:40:23]}
{[%emt 00:00:58]} 13. Qd3 {[%clk 00:43:38]} {[%emt 00:01:16]} Nxb1 {[%clk
00:39:48]} {[%emt 00:00:44]} 14. a4 {[%clk 00:43:21]} {[%emt 00:00:25]} Bxf3
{[%clk 00:38:40]} {[%emt 00:01:19]} 15. gxf3 {[%clk 00:43:21]} {[%emt
00:00:08]} Qg5+ {[%clk 00:37:58]} {[%emt 00:00:53]} 16. Kf1 {[%clk 00:43:02]}
{[%emt 00:00:30]} Rad8 {[%clk 00:37:01]} {[%emt 00:01:06]} 17. Bb2 {[%clk
00:43:04]} {[%emt 00:00:10]} Ne5 {[%clk 00:36:02]} {[%emt 00:01:08]} 18. Qb3
{[%clk 00:41:56]} {[%emt 00:01:19]} Nd2+ {[%clk 00:35:55]} {[%emt 00:00:16]}
0-1

[Event "English Schools Championship Final 2024"]
[Site "Nottingham University Kings Meadow Campus, United Kingdom"]
[Date "2024.06.28"]
[Round "5.30"]
[White "Chetverikov, Ivan"]
[Black "Atputananthan, Lagu"]
[Result "1-0"]
[TimeControl "G50' + 10\" per move."]
[WhiteFideId "458554"]
[WhiteElo "1760"]
[BlackElo "1342"]

1. e4 {[%clk 00:50:18]} {[%emt 00:00:01]} e5 {[%clk 00:50:15]} {[%emt
00:00:05]} 2. d4 {[%clk 00:50:24]} {[%emt 00:00:05]} exd4 {[%clk 00:49:39]}
{[%emt 00:00:45]} 3. Bc4 {[%clk 00:50:28]} {[%emt 00:00:05]} d6 {[%clk
00:48:49]} {[%emt 00:01:00]} 4. Nf3 {[%clk 00:50:12]} {[%emt 00:00:26]} Nf6
{[%clk 00:48:36]} {[%emt 00:00:23]} 5. O-O {[%clk 00:49:23]} {[%emt 00:00:59]}
Be7 {[%clk 00:48:30]} {[%emt 00:00:15]} 6. Qxd4 {[%clk 00:48:29]} {[%emt
00:01:05]} Nc6 {[%clk 00:48:05]} {[%emt 00:00:36]} 7. Qd3 {[%clk 00:44:23]}
{[%emt 00:04:16]} Be6 {[%clk 00:45:45]} {[%emt 00:02:29]} 8. Bxe6 {[%clk
00:39:19]} {[%emt 00:05:15]} fxe6 {[%clk 00:45:41]} {[%emt 00:00:13]} 9. Qb3
{[%clk 00:39:00]} {[%emt 00:00:28]} Qc8 {[%clk 00:42:14]} {[%emt 00:03:37]} 10.
Ng5 {[%clk 00:33:20]} {[%emt 00:05:50]} Nd4 {[%clk 00:39:40]} {[%emt 00:02:45]}
11. Qc4 {[%clk 00:30:44]} {[%emt 00:02:46]} c5 {[%clk 00:39:15]} {[%emt
00:00:35]} 12. Be3 {[%clk 00:26:18]} {[%emt 00:04:36]} d5 {[%clk 00:38:20]}
{[%emt 00:01:06]} 13. Qd3 {[%clk 00:25:06]} {[%emt 00:01:22]} Nc6 {[%clk
00:34:01]} {[%emt 00:04:29]} 14. Qb5 {[%clk 00:19:28]} {[%emt 00:05:48]} d4
{[%clk 00:30:12]} {[%emt 00:03:58]} 15. e5 {[%clk 00:17:19]} {[%emt 00:02:20]}
dxe3 {[%clk 00:28:07]} {[%emt 00:02:15]} 16. exf6 {[%clk 00:16:44]} {[%emt
00:00:46]} Bxf6 {[%clk 00:25:54]} {[%emt 00:02:21]} 17. Ne4 {[%clk 00:15:07]}
{[%emt 00:01:48]} exf2+ {[%clk 00:24:53]} {[%emt 00:01:11]} 18. Rxf2 {[%clk
00:13:56]} {[%emt 00:01:22]} O-O {[%clk 00:24:35]} {[%emt 00:00:27]} 19. Nxf6+
{[%clk 00:13:39]} {[%emt 00:00:27]} Rxf6 {[%clk 00:24:14]} {[%emt 00:00:31]} 20.
Rxf6 {[%clk 00:13:47]} {[%emt 00:00:02]} gxf6 {[%clk 00:24:10]} {[%emt
00:00:14]} 21. Qxc5 {[%clk 00:13:34]} {[%emt 00:00:23]} Qd7 {[%clk 00:23:02]}
{[%emt 00:01:19]} 22. Nc3 {[%clk 00:10:54]} {[%emt 00:02:50]} Qd4+ {[%clk
00:22:47]} {[%emt 00:00:24]} 23. Qxd4 {[%clk 00:11:01]} {[%emt 00:00:03]} Nxd4
{[%clk 00:22:34]} {[%emt 00:00:23]} 24. Rd1 {[%clk 00:10:37]} {[%emt 00:00:34]}
Nxc2 {[%clk 00:21:35]} {[%emt 00:01:08]} 25. Rd6 {[%clk 00:10:15]} {[%emt
00:00:32]} Re8 {[%clk 00:19:32]} {[%emt 00:02:14]} 26. Ne4 {[%clk 00:09:16]}
{[%emt 00:01:08]} Kf7 {[%clk 00:17:41]} {[%emt 00:02:00]} 27. Rd2 {[%clk
00:08:25]} {[%emt 00:01:03]} Ke7 {[%clk 00:15:55]} {[%emt 00:01:55]} 28. Rxc2
{[%clk 00:08:26]} {[%emt 00:00:10]} Rd8 {[%clk 00:15:11]} {[%emt 00:00:54]} 29.
Rc7+ {[%clk 00:08:10]} {[%emt 00:00:26]} Rd7 {[%clk 00:15:19]} {[%emt
00:00:02]} 30. Rxd7+ {[%clk 00:08:12]} {[%emt 00:00:09]} Kxd7 {[%clk 00:14:25]}
{[%emt 00:01:04]} 31. Nxf6+ {[%clk 00:08:19]} {[%emt 00:00:03]} Kd6 {[%clk
00:14:34]} 32. Nxh7 {[%clk 00:08:07]} {[%emt 00:00:22]} e5 {[%clk 00:14:36]}
{[%emt 00:00:08]} 33. Kf2 {[%clk 00:08:09]} {[%emt 00:00:08]} Kd5 {[%clk
00:14:01]} {[%emt 00:00:44]} 34. Ke3 {[%clk 00:08:12]} {[%emt 00:00:07]} b5
{[%clk 00:13:56]} {[%emt 00:00:16]} 35. h4 {[%clk 00:07:36]} {[%emt 00:00:46]}
a5 {[%clk 00:13:58]} {[%emt 00:00:08]} 36. h5 {[%clk 00:07:35]} {[%emt
00:00:11]} Kc4 {[%clk 00:13:57]} {[%emt 00:00:10]} 37. Ng5 {[%clk 00:06:46]}
{[%emt 00:00:59]} b4 {[%clk 00:13:54]} {[%emt 00:00:13]} 38. Ne4 {[%clk
00:06:39]} {[%emt 00:00:17]} Kb5 {[%clk 00:13:30]} {[%emt 00:00:32]} 39. h6
{[%clk 00:06:41]} {[%emt 00:00:11]} a4 {[%clk 00:13:03]} {[%emt 00:00:38]} 40.
h7 {[%clk 00:06:35]} {[%emt 00:00:16]} b3 {[%clk 00:13:06]} {[%emt 00:00:07]}
41. a3 {[%clk 00:06:37]} {[%emt 00:00:07]} Kc6 {[%clk 00:13:10]} {[%emt
00:00:05]} 42. h8=Q {[%clk 00:06:40]} {[%emt 00:00:08]} Kd7 {[%clk 00:13:17]}
{[%emt 00:00:03]} 43. Qf6 {[%clk 00:06:09]} {[%emt 00:00:40]} Ke8 {[%clk
00:13:22]} {[%emt 00:00:05]} 44. Qg7 {[%clk 00:06:01]} {[%emt 00:00:19]} Kd8
{[%clk 00:13:25]} {[%emt 00:00:06]} 45. Nc5 {[%clk 00:06:01]} {[%emt 00:00:10]}
Ke8 {[%clk 00:13:31]} {[%emt 00:00:03]} 46. Qd7+ {[%clk 00:06:09]} {[%emt
00:00:03]} Kf8 {[%clk 00:13:38]} {[%emt 00:00:03]} 47. Ne6+ {[%clk 00:06:17]}
{[%emt 00:00:02]} Kg8 {[%clk 00:13:45]} {[%emt 00:00:02]} 48. Qg7# {[%clk
00:06:13]} {[%emt 00:00:02]} 1-0